Kenapa nabi Muhammad berpoligami?

Bibliographic Details
Main Authors: al-Huji, Ahmad Muhammad (Author), Ibrahim Awang (Author)
Format: Book
Published: Kuala Lumpur Pustaka Ilmu Raya 1984
Subjects:

MARC

LEADER 00000cam a2200000 7i4500
001 0000002760
008 021118n
090 0 0 |a HQ996.I8  |b H834 
100 0 |a al-Huji, Ahmad Muhammad  |e author 
245 1 0 |a Kenapa nabi Muhammad berpoligami?  |c oleh Ahmad Muhammad Al-Huji; alih bahasa oleh Ibrahim Awang 
260 2 |a Kuala Lumpur  |b Pustaka Ilmu Raya  |c 1984 
300 |a 71 ms. ;  |c 19 sm. 
650 0 |a Polygamy 
700 0 |a Ibrahim Awang  |e author 
999 |a 1000070096  |b Book  |c OPEN SHELF (30 DAYS)  |e Gong Badak Campus